000 00865nam a2200301 a 4500
999 _c3734
_d3734
001 583147
003 OSt
005 20181122112644.0
008 930908s1991 mnu 000 0beng d
010 _a 90056208
020 _a1556611943 (pbk.)
035 _a(OCoLC)23823857
040 _aODa
_cODa
_dMoSpCB
_dDLC
042 _alccopycat
043 _ae-ne---
050 0 4 _aBR1725.T35
_bW44 1991
082 _a248.20
_bW582C
100 1 _aWhite, Kathleen.
245 1 0 _aCorrie ten Boom /
_c[Kathleen White].
260 _aMinneapolis :
_bBethany House Publishers,
_c1991.
300 _a112 p. ;
_c18 cm.
440 0 _aWomen of faith
600 2 0 _aTen Boom, Corrie.
650 0 _aChristian biography
_zNetherlands.
906 _a7
_bcbc
_ccopycat
_d3
_eocip
_f19
_gy-gencatlg
942 _2ddc
_cBK